Rychnov nad Kněžnou plán města /
| Korporativní autor: | Geodetický a kartografický podnik Praha |
|---|---|
| Jazyk: | Němčina Francouzština Čeština Angličtina |
| Vydáno: |
Praha : Geodetický a kratografický podnik, 1992 |
| Vydání: | 2., upr. vyd. |
| Témata: | |
| Fyzický popis: |
1 mapa : barev. ; 41 x 52 cm, složeno na 22 x 11 cm |
| Language note: |
Souběžný český, anglický, francouzský a německý vlastivědný text na rubu |
| LEADER | 01370nem a2200361 a 4500 | ||
|---|---|---|---|
| 001 | 001097491 | ||
| 003 | CZ BrMZK | ||
| 005 | 20100629100933.0 | ||
| 007 | aj canzn | ||
| 008 | 100520s1992 xr z a 1 cze | ||
| 020 | |q (Složeno) | ||
| 034 | 1 | |a a |b 3000 | |
| 040 | |a BOA001 |b cze | ||
| 041 | 0 | |a cze |a eng |a fre |a ger | |
| 043 | |a e-xr--- |b e-xr-kr |2 czenas | ||
| 072 | 7 | |a 913(4) |x Geografie Evropy, reálie, cestování |2 Konspekt |9 7 | |
| 080 | |a 913(437.313) |2 MRF | ||
| 080 | |a 912.43:911.375 |2 MRF | ||
| 080 | |a (084.3) |2 MRF | ||
| 110 | 2 | |a Geodetický a kartografický podnik Praha |7 ko2003167949 | |
| 245 | 1 | 0 | |a Rychnov nad Kněžnou |h [kartografický dokument] : |b plán města / |c vydal a zpracoval Geodetický a kartografický podnik Praha |
| 250 | |a 2., upr. vyd. | ||
| 255 | |a Měřítko [ca 1:3 000] | ||
| 260 | |a Praha : |b Geodetický a kratografický podnik, |c 1992 | ||
| 300 | |a 1 mapa : |b barev. ; |c 41 x 52 cm, složeno na 22 x 11 cm | ||
| 500 | |a Obsahuje rejstřík | ||
| 546 | |a Souběžný český, anglický, francouzský a německý vlastivědný text na rubu | ||
| 655 | 7 | |a plány měst |7 fd133027 |2 czenas | |
| 651 | 7 | |a Rychnov nad Kněžnou (Česko) |7 ge130705 |2 czenas | |
| 910 | 2 | |a BOA001 |b Mp2-1244.143 | |
| 990 | |a MP | ||
| 991 | |b 201006 | ||
| 996 | 6 | |b 2610438810 |c Mp2-1244.143 |l MZK |r Sklad / do 1 hodiny |n 1 |p p.v. |w 001125740 |u 000010 |a 1 |e BOA001 |j MZK50 |s P | |
English
Čeština 